Albumy członków - chillwagon - Statystyki

Ogólne statystyki
  • Ten quiz został rozwiązany 53 razy
    45 od ostatniego zresetowania
  • Średni wynik to 24 z 55
Statystyki odpowiedzi
Hint Odpowiedź % Poprawnych
Reto BOA
87%
Reto W samo południe
87%
Reto W samo południe (Deluxe)
87%
Reto K R U K
82%
Kizo Jeszcze 5 minut
79%
Borixon x Reto 420024
76%
Reto x ZetHa BON APPETIT
74%
Kizo Posejdon
68%
Kizo Posejdon (Deluxe)
68%
Szpaku Atypowy
66%
Żabson Internaziomal
66%
Żabson Ziomalski Mixtape
66%
Reto DAMN.
63%
Szpaku Różowa Pantera
63%
Olszakumpel kumpel
61%
Qry x ZetHa Resoraki
61%
Qry Dzieci w samochodach
58%
Żabson To ziomal
58%
Szpaku BORuto
55%
Szpaku Dom Dla Zmyślonych Przyjaciół Pana Mateusza
55%
Kizo Ostatni Taniec
55%
Szpaku Dzieci Duchy
53%
Borixon Mołotow
50%
Reto MOONLIGHT
50%
Żabson amfisbena
47%
Żabson amfisbena (DELUXE)
47%
Kizo Czempion
47%
Żabson TRAPOLLO
47%
Reto good7uck
45%
Borixon Mixed Music Arts (MMA)
45%
Żabson NieKumam
45%
Kizo Pegaz
42%
Kizo Złoto i Biel
42%
Borixon Koktajl
39%
ZetHa Bohaterowie podwórek
34%
Kizo Ortalion
34%
Żabson Passion Fruits
34%
ZetHa 9
32%
Qry Droga Snów
26%
Kizo HEAVYWEIGHT
21%
Borixon Koń Trojański
21%
ZetHa WIECZNY JOINT MIXTAPE
21%
Qry Małe Miasto, Wielkie Sny
18%
ZetHa WIECZNY JOINT MIXTAPE 2
18%
Szpaku Młody Simba Mixtape
16%
Borixon Rap Not Dead
16%
Qry DESZCZ EP
13%
Borixon New Bad Life
13%
Borixon Kolejna Część
11%
Borixon Zacieram Ręce Dzieciak
11%
Borixon Mam Pięć Gram
8%
Borixon Rap Daje Mi Siłę
8%
Olszakumpel GAMEPLAY
3%
Majkel Buszu EP Demo
0%
ZetHa Work of Art World Mixtape
0%
Nie znaleziono quizów pasujących do podanych kryteriów
Rozkład punktacji
Procent ludzi z każdym wynikiem
Percentyl według liczby udzielonych odpowiedzi
Twoja historia wyników
Nie rozwiązałeś tego quizu od ostatniego zresetowania